English Words Without the Vowels - Randomized - Statistics

General Stats
  • This quiz has been taken 798 times
    634 since last reset
  • The average score is 15 of 20
Answer Stats
Rank Hint Answer % Correct
546 / 4222 _FF_CT Effect / Affect
98%
3692 M_N_F_ST Manifest
98%
545 R_M_MB_R Remember
98%
3474 S_XT_ _N Sixteen
98%
3452 W_K_ Wake
98%
3847 N_ _GHB_RH_ _D Neighborhood
96%
1555 _WN_R Owner
95%
2859 W_V_ Wave
95%
3885 B_DR_ _M Bedroom
94%
845 BR_K_ Broke
94%
4514 CR_ _M Cream
94%
4525 _XTR_ Extra
94%
2252 F_M_ Fame
94%
400 / 1049 M_ _N Mean / Main
94%
3949 T_TL_S Titles
94%
2759 V_T_ Vote
94%
4871 D_F_NS_ Defense
93%
3301 D_SC_PL_N_ Discipline
93%
932 / 2115 F_RG_T Forget / Forgot
93%
4805 G_SP_L Gospel
93%
3985 _NT_RN_T_ _N_L International
93%
4215 M_X_M_M Maximum
93%
696 PL_ _S_ Please
93%
3840 T_MP_R_T_R_ Temperature
93%
1006 W_RS_ Worse
93%
2246 _NG_L Angel
92%
4546 FR_Z_N Frozen
92%
2756 PR_V_NC_ Province
92%
3476 T_B_CC_ Tobacco
92%
390 / 1482 / 1726 / 3946 F_ _L Feel / Fool / Fail / Foul
91%
796 N_BL_ Noble
91%
3960 J_W_LS Jewels
90%
42 / 2827 S_ _D Said / Seed
90%
1111 T_ST_ Taste
90%
1436 _NKN_WN Unknown
90%
2319 B_N_F_T Benefit
89%
4778 C_RPS_ Corpse
89%
2289 _X_ST Exist
89%
950 PL_ _S_NT Pleasant
89%
2527 S_M_H_W Somehow
89%
3260 ST_ _P Steep
89%
3959 S_BS_Q_ _NT Subsequent
89%
4499 W_RR_ _R Warrior
89%
4771 _RR_W Arrow
88%
63 C_ _LD Could
88%
2905 D_M_G_ Damage
88%
2763 GR_T_F_L Grateful
88%
1731 H_G_ Huge
88%
4584 L_ _P Leap
88%
3359 SC_R_ Score
88%
1594 / 4693 SQ_ _R_ Square / Squire
88%
70 / 332 _P_N Upon / Open
88%
3776 _DM_R_ Admire
87%
440 B_ _ _T_F_L Beautiful
87%
3170 / 4387 C_ _CH Coach / Couch
87%
2551 P_RM_T Permit
87%
2743 Q_ _RR_L Quarrel
87%
852 SC_N_ Scene
87%
69 T_M_ Time
87%
504 _DD_D Added
86%
1627 B_L_ _F Belief
86%
4121 BR_ _TH_ Breathe
86%
3852 M_D_C_L Medical
86%
1559 PR_P_R_ Prepare
86%
771 R_G_RD Regard
86%
3134 W_ _P_NS Weapons
86%
3871 / 4872 _LD_ST Eldest / Oldest
85%
2001 _Q_ _PM_NT Equipment
85%
4780 _SS_NC_ Essence
85%
1094 H_ _DS Heads
85%
2675 _NF_N_T_ Infinite
85%
338 L_ _V_ Leave
85%
3612 _PW_RD Upward
85%
2230 V_Y_G_ Voyage
85%
46 W_ _LD Would
85%
1420 / 1780 B_R_ Bore / Bare
84%
2995 D_F_N_T_ Definite
84%
2268 F_T_L Fatal
84%
1600 FR_ _T Fruit
84%
1203 H_N_ST Honest
84%
1970 M_S_R_BL_ Miserable
84%
2641 PR_F_ _ND Profound
84%
4567 _D_PT Adopt
83%
4498 C_G_R Cigar
83%
2970 D_C_D_ Decide
83%
3744 F_D_R_L Federal
83%
1934 _NN_C_NT Innocent
83%
3801 _NT_RN_L Internal
83%
927 PR_D_C_ Produce
83%
2156 _N_V_RS_L Universal
83%
4716 _ _GL_ Eagle
82%
2825 _NT_RPR_S_ Enterprise
82%
2254 _RR_R Error
82%
3805 _BSC_R_ Obscure
82%
1982 S_LD_M Seldom
82%
2654 _N_F_RM Uniform
82%
1897 V_S_ _N Vision
82%
655 V_S_T Visit
82%
3284 _G_NTS Agents
81%
2387 _PP_R_NT Apparent
81%
188 B_C_ _S_ Because
81%
4520 C_MB_T Combat
81%
2535 D_SC_SS_ _N Discussion
81%
355 SP_ _K Speak
81%
2996 _MP_R_R Emperor
80%
1718 _NTR_NC_ Entrance
79%
3142 _X_M_N_ Examine
79%
2801 F_ _RF_L Fearful
79%
3469 M_T_L Metal
79%
1056 M_R_L Moral
79%
4230 P_ _S_NT Peasant
79%
296 W_F_ Wife
79%
2180 B_L_NG Belong
78%
3554 _NC_M_ Income
78%
547 N_T_R_L Natural
78%
2041 S_V_R_ Severe
78%
3992 SL_P_ Slope
78%
3131 B_S_S Basis
77%
3496 C_NQ_ _R_D Conquered
77%
4188 D_SP_T_ Despite
77%
2160 _ST_T_ Estate
77%
4615 V_R_S Virus
77%
2531 C_ _NS_L Counsel
76%
974 F_RT_N_ Fortune
76%
4797 _NT_RPR_T_D Interpreted
76%
4591 P_P_L Pupil
76%
3694 _ST_ _M Esteem
75%
3362 P_R_D_S_ Paradise
75%
1923 R_ _D_RS Readers
75%
3661 P_ _S_N Poison
74%
3862 PR_M_N_NT Prominent
74%
1407 S_ _S_N Season
74%
285 / 3803 C_RT_ _N Certain / Curtain
73%
3979 _NG_N_ Engine
73%
1063 _RD_R_D Ordered
73%
2688 C_TT_G_ Cottage
72%
2809 D_ _P_R Deeper
72%
2751 D_R_V_ Derive
72%
1817 _ _S_ Ease
72%
3975 _C_N_M_C Economic
72%
1242 _M_ _NT Amount
71%
2269 C_R_ _R Career
71%
4750 C_ST_M_ Costume
71%
541 / 824 P_ _C _ Peace / Piece
71%
2818 _NT_M_T_ Intimate
70%
3947 L_ _D_D Loaded
70%
1357 V_RT_ _ Virtue
70%
1750 _H_ _D Ahead
69%
4099 _M_G_S Images
69%
792 N_T_C_ Notice
69%
3148 _NST_NC_S Instances
68%
1369 M_T_R_ _L Material
68%
3950 _NC_ST_RS Ancestors
67%
2549 _NL_N_ Online
67%
4817 P_T_T_ _S Potatoes
67%
1007 B_ _LT Built
66%
3209 CR_ _T_ Create
66%
3656 TR_ _N_D Trained
66%
992 R_L_G_ _ _S Religious
65%
1659 / 4207 S_ _T_D Seated / Suited
65%
2071 L_K_W_S_ Likewise
64%
3807 _L_S Alas
63%
3515 C_NC_ _V_ Conceive
63%
4831 _NT_RT_ _N Entertain
63%
1431 G_N_ _S Genius
63%
4713 R_P_ _R Repair
63%
1044 S_R_ _ _S Serious
63%
4503 _N_CC_R_T_ Inaccurate
62%
4553 PH_N_M_N_ Phenomena
62%
3032 S_ _RC_S Sources
62%
1304 P_RT_ _N Portion
60%
2872 P_RS_ _T Pursuit
60%
1550 S_R_ _S Series
60%
3321 _NC_RT_ _N Uncertain
60%
1121 _D_ _S Ideas
59%
4048 _V_ _D_D Avoided
58%
4607 P_R_ _D_C Periodic
58%
266 V_ _C_ Voice
57%
4756 _PPL_ _S_ Applause
55%
4651 _P_R_ Opera
54%
3261 R_ _T_ Route
54%
1723 _S_F_L Useful
54%
1785 / 2229 _R_S_ Arose / Arise
53%
1939 H_RR_ _D Hurried
51%
800 V_L_ _ Value
51%
3013 G_N_ _N_ Genuine
50%
1953 C_ _S_S Causes
49%
3016 _B_D_ _NC_ Obedience
48%
2869 S_ _L_D Sailed
46%
2794 P_ _TS Poets
44%
1297 S_C_R_ Secure
43%
2295 _SS_ _ Issue
42%
2638 _P_R_T_ _N Operation
40%
2049 _ _D_ _NC_ Audience
39%
4914 V_R_ _T_ _S Varieties
39%
4986 _SC_RT_ _N Ascertain
38%
3548 C_P_ _D Copied
38%
2466 F_ _L_R_ Failure
36%
No matching quizzes found
Score Distribution
Percent of People with Each Score
Percentile by Number Answered
Your Score History
You have not taken this quiz since the last reset